| 000 | 00435nam a22001577a 4500 | ||
|---|---|---|---|
| 008 | 140630b xxu||||| |||| 00| 0 eng d | ||
| 020 | _a9-781-846-613-333 | ||
| 082 |
_a344.410327 _bHER |
||
| 100 | _aMcFarlane&Hershman. | ||
| 245 |
_aChildren Act Handbook _cHershman&Mcfarlane |
||
| 250 | _a1st ed. | ||
| 260 |
_aBristol, _bJordan Publishing Limited. _c2012 |
||
| 300 |
_av,767 p,; _c23 cm |
||
| 650 | _2children act | ||
| 942 |
_2ddc _cBK |
||
| 999 |
_c5912 _d5912 |
||